[Event "ECC"]
[Site "Panormo GRE"]
[Date "2001.09.28"]
[Round "6"]
[White "Buckley,D"]
[Black "Horvath,Mario"]
[Result "0-1"]
[WhiteElo "2172"]
[BlackElo "2257"]

1.Nf3 d5 2.c4 c6 3.g3 Nf6 4.Bg2 g6 5.b3 Bg7 6.Bb2 O-O 7.O-O a5 8.d3 Nbd7
9.a3 Qb6 10.Nbd2 Re8 11.Ra2 e5 12.Qa1 d4 13.b4 axb4 14.axb4 Rxa2 15.Qxa2 Qxb4
16.Rb1 Qd6 17.Ba3 Qc7 18.Ng5 h6 19.Nge4 c5 20.Rb5 b6 21.Nxf6+ Bxf6 22.Bc1 Kg7
23.Rb3 Nb8 24.Qa8 Bd7 25.Qb7 Qxb7 26.Bxb7 Bd8 27.Nb1 Nc6 28.Rb2 e4 29.dxe4 Rxe4
30.Na3 Re7 31.Bf4 g5 32.Bc1 Be8 33.Bc8 Ra7 34.Rb1 Ne5 35.Bf5 Ra4 36.Bc2 Ra5
37.Be4 Bd7 38.Rb3 Be6 39.Bd3 Ra4 40.Bb2 Nxc4 41.Nxc4 Bxc4 42.Bxc4 Rxc4 43.e3 Kf6
44.Kf1 Rc2 45.exd4 c4 46.d5+ Kf5 47.Rb5 c3 48.Ba3 Ra2 49.Be7 c2 50.d6+ Ke6  0-1

[Event "Tatry Open"]
[Site "High Tatras SVK"]
[Date "2001.10.02"]
[Round "5"]
[White "Hasangatin,R"]
[Black "Kotan,L"]
[Result "1/2-1/2"]
[WhiteElo "2482"]
[BlackElo "2347"]

1.Nf3 d5 2.c4 c6 3.e3 e6 4.b3 Nf6 5.Bb2 Nbd7 6.Qc2 Be7 7.Be2 O-O 8.O-O Re8
9.Nc3 b6 10.d4 Bb7 11.e4 dxe4 12.Nxe4 c5 13.Nxf6+ Nxf6 14.dxc5 Bxc5  1/2-1/2

[Event "Tatry Open"]
[Site "High Tatras SVK"]
[Date "2001.10.04"]
[Round "7"]
[White "Goban,M"]
[Black "Tyda,K"]
[Result "1-0"]
[WhiteElo "2202"]
[BlackElo "2078"]

1.Nf3 d5 2.c4 e6 3.g3 Nf6 4.Bg2 c5 5.b3 Nc6 6.O-O Be7 7.Bb2 O-O 8.d3 d4 9.e4 dxe3
10.fxe3 Ng4 11.Qe2 Bf6 12.Nc3 Qe7 13.Rad1 Rd8 14.h3 Nge5 15.Nxe5 Bxe5 16.Ne4 Bxb2
17.Qxb2 f5 18.Nc3 Qg5 19.Qf2 Qf6 20.Na4 Qe7 21.d4 cxd4 22.exd4 Bd7 23.Nc5 Rab8
24.d5 exd5 25.cxd5 Ne5 26.d6 Qf6 27.Nxb7 Rf8 28.Qxa7 h5 29.Qd4 Ra8 30.Rfe1 Rfe8
31.Re2 Kh7 32.Nc5 Rad8 33.Nxd7 Rxd7 34.Kh1 Re6 35.Qc3 f4 36.Rde1 f3 37.Rxe5 fxg2+
38.Kxg2 g6 39.Qe3 Rexd6 40.Re7+ Kg8 41.Rxd7 Rxd7 42.Qe8+ Qf8  1-0

[Event "TCh-BUL"]
[Site "Pamporovo BUL"]
[Date "2001.10.04"]
[Round "2"]
[White "Stojanov,S"]
[Black "Ninov,V"]
[Result "1-0"]
[WhiteElo "2326"]
[BlackElo "2210"]

1.Nf3 d5 2.c4 d4 3.b4 Bg4 4.Qb3 g6 5.Bb2 Bg7 6.h3 Bf5 7.g3 e5 8.Bg2 Ne7 9.e3 O-O
10.exd4 exd4 11.O-O c5 12.Nh4 Bc8 13.a3 Nbc6 14.d3 Be6 15.Nd2 Qd7 16.Ne4 Bxh3
17.Nxc5 Qc8 18.Rae1 Bxg2 19.Kxg2 Nf5 20.Rh1 b6 21.Ne4 Nxh4+ 22.Rxh4 Qd7 23.Reh1 h6
24.Bc1 h5 25.c5 Qc7  1-0

[Event "Tatry Open"]
[Site "High Tatras SVK"]
[Date "2001.10.06"]
[Round "9"]
[White "Hasangatin,R"]
[Black "Motuz,K"]
[Result "1-0"]
[WhiteElo "2482"]
[BlackElo "2354"]

1.Nf3 d5 2.c4 c6 3.e3 Nf6 4.b3 Bf5 5.Bb2 e6 6.Be2 h6 7.O-O Nbd7 8.d3 Be7
9.Nc3 O-O 10.Qc2 a5 11.Rfd1 Bh7 12.Rac1 Re8 13.Qd2 Qb8 14.d4 Bb4 15.Bd3 Ne4
16.Qc2 f5 17.Nd2 Bd6 18.Nf1 Ndf6 19.f3 Ng5 20.cxd5 Nxd5 21.Nxd5 cxd5 22.Qe2 Qd8
23.Bc3 Qb6 24.Qb2 Bg6 25.Be1 a4 26.Rb1 a3 27.Qd2 Bh5 28.Kh1 Nxf3 29.gxf3 Bxf3+
30.Kg1 Bxd1 31.Rxd1 Rec8 32.Ng3 Qd8 33.Qg2 Qg5 34.Bd2 Qg4 35.Rf1 Kh8 36.Kh1 Rf8
37.Be2 Qg6 38.Bd3 Rac8 39.Qh3 Rc6 40.Nh5 Qh7 41.Nf4 Be7 42.Qh5 Rf6 43.Qe8+ Bf8
44.Nh5 Qg6 45.Nxf6 Qxe8 46.Nxe8 Rc8 47.Nxg7 Kxg7 48.Rc1 Rxc1+ 49.Bxc1 Bb4
50.Kg2  1-0

[Event "FSIMA October"]
[Site "Budapest HUN"]
[Date "2001.10.09"]
[Round "4"]
[White "Nemeth,Z"]
[Black "Gonda,L"]
[Result "1/2-1/2"]
[WhiteElo "2372"]
[BlackElo "2309"]

1.Nf3 d5 2.c4 c6 3.e3 Nf6 4.d4 Bf5 5.Nc3 e6 6.Nh4 Bg6 7.Qb3 Qb6 8.Nxg6 hxg6
9.Bd2 Nbd7 10.Bd3 Be7 11.h3 g5 12.O-O-O Qxb3 13.axb3 O-O-O 14.e4 dxe4 15.Nxe4 Nxe4
16.Bxe4 Nf6 17.Bf3 Rxd4 18.Bxg5 Bc5 19.Bxf6 gxf6 20.Rxd4 Bxd4 21.Rf1 f5 22.b4 e5
23.Bd1 Kd7 24.Bc2 Ke6 25.b3 b6 26.Kd2 e4 27.Ke2 Ke5 28.f3 f6 29.fxe4 fxe4
30.g4 Rxh3 31.Rf5+ Ke6 32.Rf4 Rh2+ 33.Kd1 Bc3 34.Rxe4+ Kd6 35.b5 cxb5 36.cxb5 Kd5
37.Rc4 Bd4 38.Kc1 Ke5 39.Bf5 Ra2 40.Ra4 Rh2 41.Rxa7 Kf4 42.Re7 Be5 43.Re6 Ke3
44.Rxb6  1/2-1/2

[Event "ULIM Cup"]
[Site "Kishnev MDA"]
[Date "2001.10.15"]
[Round "9"]
[White "Baltag,I"]
[Black "Madan,A"]
[Result "0-1"]
[WhiteElo "2231"]
[BlackElo "2139"]

1.Nf3 d5 2.c4 e6 3.d4 Nf6 4.g3 c6 5.Qc2 Be7 6.Bg2 O-O 7.O-O b6 8.Nc3 Bb7
9.cxd5 cxd5 10.Bf4 Nc6 11.Rfd1 Rc8 12.Ne5 Bd6 13.Nxc6 Bxc6 14.Bxd6 Qxd6 15.Qd3 Qd7
16.f3 Rfd8 17.a3 Qc7 18.f4 Qb7 19.e3 Ne4 20.Rac1 Nxc3 21.Rxc3 f5 22.h3 Be8
23.Rdc1 Bd7 24.g4 g6 25.gxf5 gxf5 26.Rf1 Rxc3 27.Qxc3 Rc8 28.Qe1 Bb5 29.Rf3 Qe7
30.Rg3+ Kh8 31.Rg5 Bd3 32.Qd1 Bc2 33.Qe2 Qf7 34.Qd2 h6 35.Rg3 Kh7 36.Kh2 Rc6
37.Qe2 Be4 38.Bxe4 dxe4 39.Rg2 Rc8 40.Qb5 Rg8 41.Rc2 Qg7 42.Qf1 Qg3+ 43.Kh1 Qxe3
44.Kh2 Qxd4 45.b4 Rg7 46.Rg2 Rxg2+ 47.Qxg2 Qe3 48.Qf1 Qd2+ 49.Kg1 e3 50.Qg2 Qxg2+
51.Kxg2 e5 52.fxe5 Kg6 53.Kf3 f4 54.e6 Kf6 55.e7 Kxe7  0-1

[Event "Sportland NRW Cup"]
[Site "Senden GER"]
[Date "2001.10.15"]
[Round "3"]
[White "Stojanov,S"]
[Black "Khenkin,I"]
[Result "0-1"]
[WhiteElo "2350"]
[BlackElo "2572"]

1.Nf3 d5 2.c4 d4 3.b4 g6 4.d3 Bg7 5.g3 e5 6.Nbd2 Ne7 7.Bg2 O-O 8.O-O a5 9.b5 c5
10.bxc6 Nexc6 11.Ba3 Nb4 12.Ne1 Re8 13.Nc2 Bf8 14.Bb2 Nxc2 15.Qxc2 Na6 16.Nb1 Nc5
17.Ba3 Qc7 18.Bxc5 Bxc5 19.a4 Bd7 20.Na3 Bc6 21.Nb5 Qd7 22.Rad1 Re7 23.Qd2 Bxg2
24.Kxg2 Qc6+ 25.Kg1 Bb4 26.Qg5 Rd8 27.Qc1 f5 28.Qg5 Kg7 29.h4 h6 30.Qc1 Rf7
31.Kh2 f4 32.f3 fxg3+ 33.Kxg3 Rf4 34.Rh1 Rdf8 35.Rdf1 h5 36.c5 Bxc5 37.Na3 b6
38.Nc4 Qe6 39.Nd2 R8f7 40.Ne4 Be7 41.Qb2 Kh6 42.Rf2 g5 43.hxg5+ Bxg5 44.Rfh2 Rg4+
45.Kf2 Be3+ 46.Kf1 Qg6 47.Rxh5+ Qxh5 48.Rxh5+ Kxh5 49.Nf2 Rg5 50.Qb5 Bxf2
51.Kxf2 Rf6 52.Qe8+ Kh6 53.Ke1 Kg7 54.Kd2 Rgf5 55.Qd8 Kf7 56.Qh8 Ke7 57.Qa8 Rf8
58.Qd5 R8f6 59.Qb7+ Kf8 60.Qd7 Rg5 61.Kc2 Kg8 62.Qd8+ Kg7 63.Qe7+ Kg6 64.Kb3 Rgf5
65.Qc7 Kg5 66.Qd8 Kf4 67.Qd5 Ke3 68.Kc2 Kxe2 69.Qe4+ Kf2 70.Kd2 Rxf3 71.Qxe5 R3f4
72.Qg5 Kf1 73.Kc2 Rc6+ 74.Kb1 Rf2 75.Qd5 Rg6 76.Qxd4 Re6 77.Qxf2+ Kxf2  0-1

[Event "Essent Open"]
[Site "Hoogeveen NED"]
[Date "2001.10.17"]
[Round "6"]
[White "Koster,R"]
[Black "De Mie,M"]
[Result "1/2-1/2"]
[WhiteElo "2285"]
[BlackElo "2161"]

1.Nf3 d5 2.c4 e6 3.d4 a6 4.g3 dxc4 5.Bg2 b5 6.Ne5 Ra7 7.O-O Bb7 8.e4 Nf6
9.Re1 Nbd7 10.Bf4 Nxe5 11.Bxe5 Nd7 12.Bf4 Be7 13.a4 Ra8 14.axb5 axb5 15.Rxa8 Bxa8
16.Nc3 c6 17.e5 O-O 18.Qh5 c5 19.d5 exd5 20.Nxd5 Nb6 21.Be4 g6 22.Nxe7+ Qxe7
23.Qh6 Bxe4 24.Rxe4 f5 25.exf6 Qxf6 26.Be3 Na4 27.Qh3 Qf5 28.Qh4 g5 29.Rg4 h6
30.Qxh6 Qxg4 31.Qg6+  1/2-1/2

[Event "TSGM October"]
[Site "Belgrade YUG"]
[Date "2001.10.20"]
[Round "1"]
[White "Nestorovic,D"]
[Black "Stojanovic,Mih"]
[Result "1-0"]
[WhiteElo "2428"]
[BlackElo "2425"]

1.Nf3 d5 2.c4 c6 3.e3 Nf6 4.d4 Bg4 5.Qb3 Bxf3 6.Qxb7 Bxg2 7.Bxg2 Nbd7 8.Nc3 e6
9.c5 Qc8 10.Qxc8+ Rxc8 11.b4 Rb8 12.Rb1 Be7 13.a4 a6 14.Bf1 Ra8 15.b5 axb5
16.axb5 O-O 17.bxc6 Nb8 18.Rb7 Nxc6 19.Bb5 Rfc8 20.Bxc6 Bxc5 21.dxc5 Rxc6
22.Ba3 h6 23.Nb1 Ne4 24.O-O Nxc5 25.Bxc5 Rxc5 26.Nd2 g5 27.Nf3 Rac8 28.Ra1 R5c7
29.Raa7 Rxb7 30.Rxb7 f6 31.Nd4 Re8 32.Kg2 h5 33.h4 gxh4 34.Kh3 e5 35.Nf5 d4
36.Kxh4 Rd8 37.Kxh5 d3 38.Ne7+ Kf8 39.Ng6+  1-0

[Event "TCh-SLO"]
[Site "Bled SLO"]
[Date "2001.10.21"]
[Round "4"]
[White "Basagic,Z"]
[Black "Pavasovic,D"]
[Result "0-1"]
[WhiteElo "2372"]
[BlackElo "2526"]

1.Nf3 d5 2.c4 e6 3.b3 Nf6 4.g3 c5 5.Bg2 d4 6.d3 Nc6 7.O-O e5 8.e4 Be7 9.Nh4 g6
10.Bf3 Bh3 11.Ng2 h5 12.Nd2 Qd7 13.Re1 Ng4 14.Nf1 h4 15.Be2 hxg3 16.fxg3 O-O-O
17.Bf3 Rh7 18.a3 Rdh8 19.Ra2 f5 20.b4 cxb4 21.axb4 Bxb4 22.Ree2 f4 23.gxf4 Rf7
24.Reb2 Rhf8 25.Rxa7 Nxa7 26.Rxb4 exf4 27.e5 Nc6 28.Qa4 Kc7 29.Rb5 Kb8 30.e6 Qxe6
31.Bd5 f3 32.Bf4+ Rxf4 33.Nxf4 f2+ 34.Kh1 Qd7 35.Ne6 Ne3 36.Rxb7+ Qxb7 37.Qa3 Qb4  0-1

[Event "TCh-CZE 2001-2"]
[Site "CZE"]
[Date "2001.10.21"]
[Round "2"]
[White "Freisler,P"]
[Black "Civin,T"]
[Result "0-1"]
[WhiteElo "2336"]
[BlackElo "2373"]

1.Nf3 d5 2.c4 e6 3.g3 c5 4.Bg2 Nf6 5.O-O Be7 6.cxd5 exd5 7.d4 Nc6 8.Nc3 O-O
9.Bg5 cxd4 10.Nxd4 h6 11.Be3 Re8 12.Qa4 Bd7 13.Rad1 Nb4 14.Qb3 a5 15.a4 Bf8
16.Ndb5 Be6 17.Bd4 Rc8 18.Rd2 Bc5 19.Qd1 Qe7 20.Bxf6 Qxf6 21.e4 d4 22.Nxd4 Bc4
23.Nde2 Rcd8 24.Nf4 Rxd2 25.Qxd2 Bxf1 26.Bxf1 Qd4 27.Qe2 Rd8 28.Qf3 Nc6 29.Nd3 Ne5
30.Nxe5 Qxe5 31.Bc4 Kh8 32.Bd5 b6 33.Kg2 Rf8 34.Qe2 Qd4 35.f4 Qg1+ 36.Kh3 f6
37.Nb5 Rc8 38.Qg4 Qf1+ 39.Kh4 Rf8 40.Nc7 f5 41.exf5 Be7+ 42.Kh5 Qd3 43.Be6 Qc2
44.Nd5 Qxh2+ 45.Kg6 Qxb2 46.Qf3 Rf6+ 47.Nxf6 Qxf6+ 48.Kh5 g6+ 49.fxg6 Qxe6
50.f5 Qf6 51.Kg4 Kg7 52.Qd5 Bd6 53.Kh3 h5 54.Qb7+ Be7 55.Qd5 Kh6 56.Qe4 Bf8
57.Kh2 Bg7 58.Qe3+ Qg5 59.Qe4 Qd2+ 60.Kh3 Qd4 61.Qe6 Kg5 62.Kg2 Qb2+ 63.Kh3 Qf6
64.Qe3+ Kxf5 65.Qd3+ Kg5 66.Kh2 Qf2+ 67.Kh1 Bd4 68.Qd1 Kh6 69.g7 Bxg7 70.Qd6+ Qf6
71.Qd2+ Qg5 72.Qd6+ Qg6 73.Qd5 Bf8 74.Qd2+ Qg5 75.Qd4 Qc5 76.Qf6+ Kh7 77.Qf7+ Bg7
78.Kh2 b5 79.Qe8 Qf2+ 80.Kh1 Qf3+ 81.Kh2 b4 82.Qb5 b3 83.Qxa5 b2 84.Qb5 h4
85.gxh4 Qf4+ 86.Kh3 Qe3+  0-1

[Event "27th Open"]
[Site "Guernsey GCI"]
[Date "2001.10.22"]
[Round "2"]
[White "Webster,A"]
[Black "Hawes,J"]
[Result "1-0"]
[WhiteElo "2413"]
[BlackElo "2134"]

1.Nf3 d5 2.c4 e6 3.b3 Nf6 4.g3 Nbd7 5.Bg2 c6 6.O-O Bd6 7.Ba3 Qe7 8.Bxd6 Qxd6
9.d4 b6 10.Nbd2 Bb7 11.Qb1 O-O 12.Rd1 Rab8 13.b4 e5 14.Qb2 e4 15.Ne1 Nh5
16.f4 f5 17.e3 h6 18.b5 cxb5 19.Qxb5 Nhf6 20.Rdc1 Rfc8 21.Bf1 Kf8 22.a4 Ke7
23.a5 Qc6 24.Qb4+ Qd6 25.Qb5 Qc6 26.Qb2 Qe6 27.h3 Ne8 28.axb6 axb6 29.Ra7 Kd8
30.Nc2 dxc4 31.Na3 Nd6 32.Ndxc4 Nxc4 33.Bxc4 Bd5 34.Ba6 Rc6 35.Rxc6 Bxc6
36.Nc4 Ra8 37.Rxa8+ Bxa8 38.Kf2 Bd5 39.Qb4 Kc7 40.Ne5 Nxe5 41.fxe5 f4 42.exf4  1-0

[Event "IM"]
[Site "Le Touquet FRA"]
[Date "2001.10.27"]
[Round "1"]
[White "Abolianin,A"]
[Black "Inkiov,V"]
[Result "1-0"]
[WhiteElo "2364"]
[BlackElo "2500"]

1.Nf3 d5 2.c4 e6 3.g3 Nf6 4.Bg2 dxc4 5.Qa4+ Nbd7 6.Qxc4 c5 7.d3 a6 8.Nc3 b5
9.Qb3 Bb7 10.a4 c4 11.Qd1 b4 12.Na2 Nc5 13.Bd2 b3 14.Nc1 cxd3 15.exd3 Bd5
16.O-O Rb8 17.Bc3 Be7 18.Nd2 Nxd3 19.Bxd5 Qxd5 20.Ndxb3 Nxc1 21.Nxc1 Qb7
22.Be5 Rd8 23.Qb3 Qe4 24.Bc7 Rc8 25.Bb6 O-O 26.a5 Nd5 27.Qd3 Qg4 28.Qxa6 h5
29.Qb5 h4 30.Ra4 Qf5 31.Qb3 h3 32.g4 Qh7 33.Qd3 Qh6 34.Ne2 f5 35.gxf5 Rxf5
36.Rg4 Rg5 37.Qe4 Rxg4+ 38.Qxg4 Rc2 39.Bd4 Rxe2 40.a6 Qg5 41.Qxg5 Bxg5 42.a7 Nc7
43.f4 Rg2+ 44.Kh1 Bh4 45.Rc1 Re2 46.Rxc7 Re1+ 47.Bg1 Bf2 48.a8=Q+ Kh7 49.Qe4+ Rxe4
50.Bxf2 Rxf4 51.Kg1  1-0

[Event "Jonsson Mem Open"]
[Site "Reykjavik ISL"]
[Date "2001.10.28"]
[Round "5"]
[White "Bjarnason,S"]
[Black "Kjartansson,G"]
[Result "0-1"]
[WhiteElo "2289"]
[BlackElo "2052"]

1.Nf3 d5 2.c4 dxc4 3.Na3 c5 4.Nxc4 Nc6 5.g3 f6 6.Bg2 e5 7.d3 Nge7 8.O-O Be6
9.a3 Qd7 10.Bd2 Nf5 11.b4 Rc8 12.Rb1 b5 13.Ne3 Nxe3 14.fxe3 c4 15.Bc3 cxd3
16.exd3 Bf5 17.Ne1 Be7 18.Rxf5 Qxf5 19.Bd5 Qd7 20.Qb3 Nd8 21.Bb2 Kf8 22.d4 exd4
23.exd4 g6 24.Nd3 Kg7 25.Nf4 Rc7 26.Rf1 Rf8 27.Ne6+ Nxe6 28.Bxe6 Qc6 29.Qe3 Qb6
30.Kh1 a5 31.bxa5 Qxa5 32.d5 b4 33.axb4 Qxb4 34.Qe2 Qc5 35.Ba1 Qc2 36.Qf3 Qc5
37.Bb2 Qd6 38.Bd4 Rb7 39.g4 g5 40.Qe3 h6 41.h4 Qa3 42.Qxa3 Bxa3 43.Rf3 Bd6
44.h5 Rb1+ 45.Kg2 Rd1 46.Bf2 Rd2 47.Rc3 Be5 48.Rc4 Rb8 49.Kf3 Rb3+  0-1

[Event "TCh-AUT 2001-2"]
[Site "Moerbisch AUT"]
[Date "2001.10.31"]
[Round "1"]
[White "Novkovic,Mi"]
[Black "Weinzettl,E"]
[Result "0-1"]
[WhiteElo "2396"]
[BlackElo "2415"]

1.Nf3 d5 2.c4 c6 3.e3 Nf6 4.Nc3 g6 5.d4 Bg7 6.Be2 O-O 7.O-O dxc4 8.Bxc4 Bg4
9.h3 Bxf3 10.Qxf3 Nbd7 11.Bb3 e5 12.Rd1 Qe7 13.dxe5 Nxe5 14.Qe2 Rfe8 15.Bd2 Rad8
16.Be1 Ned7 17.Bc2 Nc5 18.Rxd8 Rxd8 19.Rd1 Re8 20.Qc4 b5 21.Qf4 Bf8 22.Qf3 b4
23.Nb1 Nce4 24.Nd2 Nxd2 25.Bxd2 Ne4 26.Bxe4 Qxe4 27.Qxe4 Rxe4 28.Rc1 c5 29.b3 Re6
30.Kf1 f5 31.Rc2 Kf7 32.Bc1 Ra6 33.Ke2 Ke6 34.Kf3 Rc6 35.e4 a5 36.Be3 a4
37.Rc4 axb3 38.axb3 Be7 39.g4 fxg4+ 40.Kxg4 h5+ 41.Kg3 g5 42.f3 Ra6 43.Rc2 Ra5
44.Kf2 Kd6 45.Ke2 Kc6 46.Kd3 Kb5 47.h4 gxh4 48.e5 Ra3 49.Ke4 Rxb3 50.f4 Rc3
51.Rb2 c4 52.Bd4 Rc1 53.f5 c3 54.Rf2 b3 55.Bxc3 Rxc3 56.f6 Bc5 57.Re2 Rc2  0-1

[Event "TCh-AUT 2001-2"]
[Site "Moerbisch AUT"]
[Date "2001.11.01"]
[Round "2"]
[White "Fahrner,K"]
[Black "Kuba,G"]
[Result "0-1"]
[WhiteElo "2367"]
[BlackElo "2313"]

1.Nf3 d5 2.c4 e6 3.g3 Nf6 4.Bg2 Be7 5.O-O O-O 6.d4 dxc4 7.Qc2 a6 8.e4 b5
9.Bf4 Bb7 10.Nbd2 Nc6 11.Rad1 Nb4 12.Qb1 Nd3 13.Ne5 Nxf4 14.gxf4 Nh5 15.f5 exf5
16.Bf3 Nf4 17.exf5 Bxf3 18.Ndxf3 Qd5 19.Rfe1 f6 20.Re4 fxe5 21.dxe5 Nd3  0-1

[Event "TCh-AUT 2001-2"]
[Site "Moerbisch AUT"]
[Date "2001.11.03"]
[Round "4"]
[White "Loeffler,S"]
[Black "Novkovic,Mi"]
[Result "1/2-1/2"]
[WhiteElo "2400"]
[BlackElo "2396"]

1.Nf3 d5 2.c4 c6 3.e3 Nf6 4.d4 Bf5 5.Nc3 e6 6.Nh4 Bg6 7.Nxg6 hxg6 8.Bd2 Nbd7
9.Qc2 Bd6 10.Be2 dxc4 11.Bxc4 Qe7 12.h3 e5 13.O-O-O O-O-O 14.dxe5 Nxe5 15.Be2 Ned7  1/2-1/2

[Event "North Virginia Open"]
[Site "Mt Vernon USA"]
[Date "2001.11.04"]
[Round "6"]
[White "Grechikhin,V"]
[Black "Kaufman,La"]
[Result "0-1"]
[WhiteElo "2231"]
[BlackElo "2413"]

1.Nf3 d5 2.c4 e6 3.b3 Nf6 4.Bb2 Nbd7 5.e3 Bd6 6.Be2 O-O 7.O-O b6 8.Nc3 a6
9.d4 Bb7 10.Rc1 Qe7 11.Qc2 Rac8 12.Rfd1 Rfe8 13.cxd5 exd5 14.Qf5 Rcd8 15.Bf1 c6
16.Qc2 Ne4 17.g3 f5 18.Bg2 Qf6 19.Rf1 Re7 20.Rcd1 Rde8 21.Qc1 a5 22.Rfe1 g5
23.Nd2 Re6 24.Nf1 Qe7 25.f3 Nxc3 26.Bxc3 h6 27.Qc2 Qh7 28.Bh3 Rf6 29.e4 fxe4
30.fxe4 dxe4 31.Bxd7 Qxd7 32.Rxe4 Ref8 33.Ne3 Qh3 34.Qg2 Qxg2+ 35.Nxg2 Bc8
36.Rde1 Bd7 37.Ne3 Rf2 38.Ng4 Rc2 39.Re6 Bxe6 40.Rxe6  0-1

[Event "VI It"]
[Site "Montecatini Terme ITA"]
[Date "2001.11.06"]
[Round "4"]
[White "Ivanov,J"]
[Black "Vismara,D"]
[Result "1-0"]
[WhiteElo "2446"]
[BlackElo "2365"]

1.Nf3 d5 2.c4 c6 3.e3 Nf6 4.Nc3 e6 5.b3 Nbd7 6.Qc2 Bd6 7.Bb2 O-O 8.Be2 b6
9.O-O Bb7 10.d4 Re8 11.e4 Nxe4 12.Nxe4 dxe4 13.Qxe4 f5 14.Qc2 Qc7 15.c5 bxc5
16.Bc4 Kh8 17.h3 cxd4 18.Nxd4 Nf8 19.Rfe1 c5 20.Nxe6 Nxe6 21.Rxe6 Rxe6 22.Bxe6 Bh2+
23.Kh1 Qc6 24.f3 Qxe6 25.Kxh2 Rc8 26.Rd1 h6 27.Qd2 Kh7 28.Qd7  1-0

[Event "EuTCh"]
[Site "Leon ESP"]
[Date "2001.11.08"]
[Round "3"]
[White "Bischoff,K"]
[Black "Pavasovic,D"]
[Result "1/2-1/2"]
[WhiteElo "2541"]
[BlackElo "2526"]

1.Nf3 d5 2.c4 e6 3.d4 c6 4.Nbd2 f5 5.e3 Bd6 6.Be2 Nf6 7.Ne5 O-O 8.Qc2 b6
9.Ndf3 Bb7 10.O-O Qe7 11.b3 a5 12.Bb2 Rc8 13.Rac1 Na6 14.Qb1 Ne4 15.Rfd1 Rc7
16.cxd5 exd5 17.Ne1 Qh4 18.g3 Qh6 19.Ng2 Rf8 20.f3 Ng5 21.h4 Ne6 22.f4 Bxe5
23.dxe5 Nac5 24.Ba3 g6 25.Bxc5 bxc5 26.Ne1 Ra8 27.Nf3 a4 28.Rd2 Ba6 29.Bd1 Rb7
30.Rc3 c4 31.Qc1 Rab8 32.bxc4 Bxc4 33.Kf2 Qf8  1/2-1/2

[Event "VII Sreiber Mem"]
[Site "Subotica YUG"]
[Date "2001.11.13"]
[Round "8"]
[White "Andonov,B"]
[Black "Sedlak,N"]
[Result "1-0"]
[WhiteElo "2412"]
[BlackElo "2443"]

1.Nf3 d5 2.c4 c6 3.d4 Nf6 4.cxd5 cxd5 5.Nc3 Nc6 6.Bf4 a6 7.Rc1 Bf5 8.e3 e6
9.Qb3 Ra7 10.Ne5 Nxe5 11.Bxe5 Nd7 12.Bg3 Be7 13.Be2 O-O 14.O-O b5 15.a4 b4
16.Nb1 Qb6 17.Nd2 Nf6 18.Qa2 Rfa8 19.a5 Qd8 20.Rc6 Bg4 21.f3 Bh5 22.Kf2 Ne8
23.Rfc1 Nd6 24.Nb3 Nf5 25.Nc5 Bg5 26.f4 Bxe2 27.Kxe2 Bh4 28.Kf3 Bxg3 29.hxg3 h5
30.Qa4 Qf6 31.Rh1 Qg6 32.Rh3 Ne7 33.Rb6 Qb1 34.Kf2 Qxb2+ 35.Kg1 Nf5 36.Qxb4 Qc1+
37.Kh2 g6 38.Rb8+ Kg7 39.Nxe6+ Kf6 40.Qb6 Rxb8 41.Qxb8 fxe6 42.g4 Qc7 43.Qf8+  1-0

[Event "2nd It"]
[Site "Odivelas POR"]
[Date "2001.11.15"]
[Round "10"]
[White "Strikovic,A"]
[Black "Leite,C"]
[Result "1/2-1/2"]
[WhiteElo "2506"]
[BlackElo "2146"]

1.Nf3 d5 2.c4 c6 3.d4 Nf6 4.g3 Bg4 5.Ne5 Bf5 6.Nc3 Nbd7 7.Bg2 e6 8.O-O Bd6
9.Bf4 Qc7 10.Rc1 Nxe5 11.cxd5 Nc4 12.Bxd6 Nxd6 13.dxc6 Nfe4 14.Nxe4 Bxe4
15.Bxe4 Nxe4 16.d5 O-O 17.dxe6 bxc6 18.Qa4 Qe5 19.exf7+ Rxf7 20.Rxc6 Nxf2
21.Qc4 Qe3 22.Kg2 Qe4+ 23.Qxe4 Nxe4 24.Rxf7 Kxf7 25.Kf3 Ng5+ 26.Kg4 Ne6 27.Ra6 Kf6
28.b3 Ke5 29.h4 Nd4 30.e3 Nc2 31.Kf3 Rf8+ 32.Ke2 Rf7 33.Ra4 Rb7 34.a3 Na1
35.b4 Nb3 36.Kd3 Rd7+ 37.Ke2 Ke4 38.b5+ Ke5 39.Rc4 Kd5 40.Rb4 Nc5 41.a4 Rb7
42.Rd4+ Ke5 43.Rc4 Ne4 44.g4 Rf7 45.Rc6 Kd5 46.g5 g6 47.Rc8 Rb7 48.Rd8+ Ke5
49.Re8+ Kd5 50.Rd8+ Kc5 51.Kd3 Nf2+ 52.Ke2 Ng4 53.Re8 Rf7 54.Re6 Kd5 55.Ra6 Re7
56.b6 axb6 57.Rxb6 Nxe3 58.Kf3 Nf5 59.h5 Nd4+ 60.Kg3 Re3+ 61.Kf2 Rf3+ 62.Ke1 Ne6
63.Rb7 Nf8 64.hxg6 hxg6 65.a5 Kc6 66.a6 Ra3 67.Rf7 Nd7 68.Rg7 Ne5 69.a7 Kb6
70.Re7 Nc6 71.Re6 Rxa7 72.Rxg6 Kc5 73.Kf2 Kd5 74.Kg3 Ne5 75.Rf6 Ra4 76.Kh3 Rg4
77.Rf5 Rg1 78.Kh2 Ra1 79.Kg3 Ke4 80.Rf4+ Ke3 81.Rf6 Rg1+ 82.Kh4 Rh1+ 83.Kg3 Rg1+
84.Kh4 Nf3+ 85.Kh5 Nxg5 86.Rf5  1/2-1/2

[Event "sf ch-NED"]
[Site "Leeuwarden NED"]
[Date "2001.11.18"]
[Round "1.6"]
[White "Tondivar,B"]
[Black "Van der Werf,M"]
[Result "1-0"]
[WhiteElo "2328"]
[BlackElo "2435"]

1.Nf3 d5 2.c4 e6 3.g3 dxc4 4.Qa4+ c6 5.Qxc4 b5 6.Qc2 Bb7 7.Bg2 Nf6 8.d3 c5
9.O-O Nbd7 10.a4 a6 11.b3 Be7 12.Bb2 O-O 13.Nbd2 Qb8 14.e4 Bc6 15.Rfe1 Qb7
16.d4 Rfe8 17.dxc5 Bxc5 18.Nd4 Bxd4 19.Bxd4 e5 20.Bc3 Rac8 21.axb5 axb5 22.b4 Nb6
23.Nb3 Bxe4 24.Rxe4 Nxe4 25.Nc5 Nxc5 26.Bxb7 Nxb7 27.Qd3 Nc4 28.Qd5 Nbd6
29.Ra7 Rcd8 30.Kg2 Kh8 31.Rc7 Kg8 32.h4 h5 33.Qf3 g6 34.Qf6 Rb8 35.Qf3 Re6
36.Qd5 Rbe8 37.Ra7 Nf5 38.Kg1 Nfd6 39.Kg2 R8e7 40.Rxe7 Rxe7 41.Kg1 Re8 42.f4 exf4
43.gxf4 Re4 44.Be5 Nb6  1-0

[Event "ch-NR"]
[Site "Novosibirsk RUS"]
[Date "2001.11.21"]
[Round "9"]
[White "Solodovnikov,M"]
[Black "Akselrod,V"]
[Result "0-1"]
[WhiteElo "2261"]
[BlackElo "2408"]

1.Nf3 d5 2.c4 d4 3.e3 Nc6 4.exd4 Nxd4 5.Nxd4 Qxd4 6.d3 Nf6 7.h3 e5 8.Nc3 Bc5
9.Be3 Qd6 10.Qf3 O-O 11.O-O-O Bd4 12.Bxd4 exd4 13.Ne4 Nxe4 14.dxe4 Be6 15.Kb1 c5
16.Bd3 b5 17.Qe2 bxc4 18.Bxc4 Rab8 19.Rc1 Rb4 20.Qd3 Rfb8 21.b3 a5 22.Ka1 a4
23.bxa4 Rxa4 24.Bxe6 Qxe6 25.Rc2 Rba8 26.Qd2 d3 27.Rb2 Qxe4 28.Rc1 c4 29.Qc3 h6
30.f3 Qd5 31.Rcb1 Ra3  0-1

[Event "ch-ROM w"]
[Site "Targoviste ROM"]
[Date "2001.11.24"]
[Round "1"]
[White "Calotescu,C"]
[Black "Kovacs,O"]
[Result "1-0"]
[WhiteElo "2296"]
[BlackElo "2116"]

1.Nf3 d5 2.c4 e6 3.g3 Nf6 4.Bg2 c5 5.cxd5 exd5 6.d4 Nc6 7.O-O h6 8.b3 Be7
9.dxc5 Bxc5 10.Ba3 Bxa3 11.Nxa3 Qb6 12.Nc2 Bf5 13.Ncd4 Be4 14.Qd2 O-O 15.Qb2 Rfe8
16.Rfd1 Rad8 17.Rac1 Re7 18.e3 Rc8 19.Nh4 Rcc7 20.Nhf5 Red7 21.Nxc6 Bxf5
22.Ne5 Rd8 23.Rxc7 Qxc7 24.Nd3 Qe7 25.Qd4 Bxd3 26.Rxd3 b6 27.Bf3 Qc5 28.e4  1-0

[Event "ch-ITA"]
[Site "Montecatini Terme ITA"]
[Date "2001.11.26"]
[Round "6"]
[White "Mantovani,R"]
[Black "Vezzosi,P"]
[Result "0-1"]
[WhiteElo "2369"]
[BlackElo "2401"]

1.Nf3 d5 2.c4 c6 3.b3 Bg4 4.Bb2 Bxf3 5.gxf3 e6 6.e3 Nd7 7.f4 Qh4 8.Qf3 Ngf6
9.Qg3 Qh6 10.d3 Bb4+ 11.Nc3 Nc5 12.Qg5 Qg6 13.Qxg6 hxg6 14.Ke2 O-O-O 15.Rd1 dxc4
16.bxc4 Ng4 17.d4 Nxf2 18.Kxf2 Bxc3 19.Bxc3 Ne4+ 20.Kf3 Nxc3 21.Rd2 Rh5 22.Rc2 Na4
23.c5 Kc7 24.Bc4 Rh3+ 25.Kf2 Rdh8 26.Bf1 Rxh2+ 27.Rxh2 Rxh2+ 28.Bg2 Rh8 29.Ke2 Rc8
30.Rc4 b5 31.cxb6+ Nxb6 32.Rxc6+ Kd7 33.Rxc8 Nxc8 34.Kd3 Nb6 35.e4 Kc6 36.f5 gxf5
37.exf5+ Kd6 38.fxe6 Kxe6 39.Ke4 f5+ 40.Kf4 Kf6 41.Bc6 g5+ 42.Kf3 Ke6 43.Bb7 Nd5
44.a3 Ne7 45.Ke3 g4 46.a4 Nd5+ 47.Kd3 Kd6 48.a5 f4 49.Ke4 g3 50.Kf3 Ne3 51.Be4 Ke6
52.Bb7 Kf5 53.a6 Nc4 54.Bc8+ Kg5 55.Bb7 Nd2+ 56.Kg2 Kh4 57.Bd5 f3+ 58.Kh1 g2+
59.Kh2 Nf1+ 60.Kg1 Kg3 61.Bxf3 Kxf3 62.d5 Ng3  0-1

[Event "9th YM"]
[Site "Loures POR"]
[Date "2001.11.27"]
[Round "1"]
[White "Vassallo,M"]
[Black "Ribeiro,L"]
[Result "1-0"]
[WhiteElo "2454"]
[BlackElo "2044"]

1.Nf3 d5 2.c4 c6 3.Qc2 Nf6 4.g3 g6 5.Bg2 Bg7 6.O-O O-O 7.d4 Nbd7 8.cxd5 cxd5
9.Nc3 b6 10.Bf4 Bb7 11.Rac1 Nh5 12.Bd2 a6 13.Qb3 Nhf6 14.Bf4 Bc6 15.Ne5 Nxe5
16.dxe5 Nd7 17.Bxd5 Nc5 18.Qc4 Bxd5 19.Nxd5 e6 20.Nb4 g5 21.Be3 Rc8 22.Nxa6 Bxe5
23.Nxc5 bxc5 24.Rfd1 Qf6 25.b3 Bb2 26.Rc2 Bd4 27.Qd3 Rfd8  1-0

[Event "Open"]
[Site "Rijeka CRO"]
[Date "2001.12.02"]
[Round "2"]
[White "Dumpor,A"]
[Black "Palac,M"]
[Result "0-1"]
[WhiteElo "2325"]
[BlackElo "2572"]

1.Nf3 d5 2.c4 e6 3.d4 Nf6 4.Nc3 Bb4 5.Qa4+ Nc6 6.Ne5 Bd7 7.Nxc6 Bxc3+ 8.bxc3 Bxc6
9.Qb3 dxc4 10.Qxc4 Ne4 11.Bf4 Qf6 12.Be3 Qh4 13.Qd3 O-O-O 14.Qc2 Nd6 15.Qc1 f6
16.g3 Qh5 17.f3 e5 18.Bg2 Rhe8 19.O-O Nc4 20.Bf2 e4 21.g4 Qf7 22.Qf4 e3 23.Bg3 Rd5
24.h4 Ra5 25.Rfb1 Qe7 26.h5 g5 27.hxg6 hxg6 28.Rb4 Na3 29.Qh6 Nc2 30.Rc1 Nxb4
31.cxb4 Rd5 32.Qxg6 Red8 33.a4 Rxd4 34.Qf5+ Kb8 35.b5 Rd1+ 36.Rxd1 Rxd1+
37.Bf1 Bd5 38.a5 b6 39.axb6 axb6 40.Qc2 Rd2 41.Qc3 Rd1 42.Bf4 Bxf3 43.Qc4 Bd5
44.Qc2 Rd4 45.Bg3  0-1